Tramlinien Basel #1 - Statistiken

Allgemein
  • Dieses Quiz wurde 64 mal gespielt
  • Das Durchschnittsergebnis liegt bei 41 aus 102
Antwortstatistiken
Linie Haltestelle % Korrekt
St. Louis, Bahnhof
89%
Bankverein
80%
Barfüsserplatz
77%
Messeplatz
71%
1 Badischer Bahnhof
66%
Wettsteinplatz
66%
Aeschenplatz
63%
Claraplatz
63%
Markthalle
63%
6 Riehen, Grenze
63%
Allschwil, Dorf
60%
Bahnhof SBB
60%
Marktplatz
60%
Riehen, Dorf
60%
Dreirosenbrücke
57%
Kunstmuseum
57%
Schifflände
57%
Eglisee
54%
Gewerbeschule
54%
Heuwaage
54%
Spalentor
54%
Kirschgarten
51%
Breite
49%
Clarastrasse
49%
Musik-Akademie
49%
Theater
49%
3 Birsfelden, Hard
46%
Rheingasse
43%
2 Riehen, Fondation Beyeler
43%
Schützenhaus
43%
Universität
43%
Zoo Dorenbach
43%
Brausebad
40%
Burgfelderplatz
40%
Kannenfeldplatz
37%
Voltaplatz
37%
Morgartenring
34%
Burgfelderhof
31%
Novartis Campus
31%
St. Alban-Tor
31%
Allschwil, Kirche
29%
Bahnhof St.Johann
29%
IWB
29%
Binningen, Kronenplatz
26%
Birsfelden, Bären
26%
Felix-Platter-Spital
26%
Hardstrasse
26%
Riehen, Habermatten
26%
Riehen, Pfaffenloh
26%
Allschwilerplatz
23%
Hegenheimerstrasse
23%
Hirzbrunnen - Claraspital
23%
Margarethen
23%
Riehen, Burgstrasse
23%
Waldenburgerstrasse
23%
Zoo Bachleten
23%
Allschwil, Ziegelei
20%
Riehen, Bettingerstrasse
20%
Birsfelden, Salinenstrasse
17%
Birsfelden, Schulstrasse
17%
Riehen, Lörracherstrasse
17%
Riehen, Niederholzboden
17%
Allschwil, Lindenplatz
14%
Riehen, Weilstrasse
14%
Allschwil, Binningerstrasse
11%
Allschwil, Gartenstrasse
11%
Holbeinstrasse
11%
Schützenmattstrasse
11%
St. Louis, Soleil
11%
Strassburgerallee
11%
Allschwil, Merkurstrasse
9%
Waldighofer Strasse
9%
Binningen, Hohle Gasse
6%
Birmanngasse
6%
St. Louis, Place Mermoz
6%
St. Louis, Saint-Exupéry
6%
Luzernerring
3%
Keine übereinstimmenden Quizze gefunden
Verteilung der Resultate
Anzahl Personen mit jedem Resultat
Perzentil nach korrekt beantworteten Fragen
Ihre Resultats-Entwicklung
Sie haben dieses Quiz noch nicht gespielt